[Event "POL-chT2 U18"]
[Site "Augustow"]
[Date "1996.??.??"]
[Round "?"]
[White "Dudzinski, Piotr"]
[Black "Grabczewski, K."]
[Result "1-0"]
[WhiteElo "1800"]
[BlackElo "1800"]
[PlyCount "43"]
[EventDate "1996.??.??"]
[EventType "team"]
[EventRounds "10"]
[EventCountry "POL"]
[SourceTitle "EXT 2003"]
[Source "ChessBase"]
[SourceDate "2002.11.25"]
[SourceVersion "1"]
[SourceVersionDate "2002.11.25"]
[SourceQuality "1"]

1. e4 c6 2. d4 d5 3. e5 Bf5 4. Nf3 e6 5. Be2 c5 6. Be3 Qb6 7. Na3 Nc6 8. c4 cxd4 9. Nxd4 Bb4+ 10. Kf1 Nxd4 11. Bxd4 Qa5 12. cxd5 Bxa3 13. bxa3 Qxd5 14. Qa4+ Qd7 15. Qxd7+ Kxd7 16. Bb5+ Kd8 17. Rd1 Kc7 18. Be3 Bg6 19. Rd7+ Kc8 20. Ke2 a6 21. Rc1+ Kb8 22. Rd8# 1-0

[Event "POL-chT2 U18"]
[Site "Augustow"]
[Date "1996.??.??"]
[Round "?"]
[White "Sliwinski, Pawel"]
[Black "Grabczewski, K."]
[Result "0-1"]
[WhiteElo "1800"]
[BlackElo "1800"]
[PlyCount "100"]
[EventDate "1996.??.??"]
[EventType "team"]
[EventRounds "10"]
[EventCountry "POL"]
[SourceTitle "EXT 2003"]
[Source "ChessBase"]
[SourceDate "2002.11.25"]
[SourceVersion "1"]
[SourceVersionDate "2002.11.25"]
[SourceQuality "1"]

1. d4 Nf6 2. Nf3 e6 3. c4 Bb4+ 4. Bd2 Bxd2+ 5. Qxd2 0-0 6. Nc3 d5 7. e3 c6 8. Bd3 Nbd7 9. 0-0 Qe7 10. Rac1 Rd8 11. Rfd1 e5 12. dxe5 Nxe5 13. Nxe5 Qxe5 14. cxd5 Nxd5 15. Qc2 h6 16. Nxd5 Rxd5 17. Bc4 Rxd1+ 18. Rxd1 Be6 19. Bxe6 Qxe6 20. a3 Qe7 21. Qd3 Re8 22. Qd7 Kf8 23. Kf1 Qxd7 24. Rxd7 Re7 25. Rd8+ Re8 26. Rd4 Re7 27. Ke2 Ke8 28. Kd3 Re6 29. Ra4 a6 30. Rb4 b5 31. Re4 Ke7 32. Rxe6+ Kxe6 33. Kd4 Kd6 34. b4 f6 35. f4 f5 36. g3 c5+ 37. bxc5+ Kc6 38. g4 fxg4 39. e4 h5 40. e5 h4 41. f5 g3 42. hxg3 hxg3 43. Ke3 Kxc5 44. Kf3 a5 45. Kxg3 b4 46. axb4+ axb4 47. f6 gxf6 48. exf6 Kd6 49. Kf4 b3 50. Kg5 b2 0-1